Homenatge de Tiana a Lola Anglada
Descripción Física:
[20] p.: il.. col., fot. ; 21 cm
MARC
| LEADER | 00000nam a2200000Ia 4500 | ||
|---|---|---|---|
| 001 | 21477 | ||
| 008 | 160829s198-? xx 000 0 cat d | ||
| 080 | |a FU-40-10 | ||
| 100 | |a Anglada, Lola, |d 1892-1984 |9 31110 | ||
| 245 | |a Homenatge de Tiana a Lola Anglada | ||
| 260 | |a Barcelona : |b Obra Cultural de la Caixa de Pensions per a la Vellesa i d'Estalvis, |c 198-? | ||
| 300 | |a [20] p.: |b il.. col., fot. ; |c 21 cm | ||
| 590 | |a Prové de S-628, exp. 246. | ||
| 590 | |a Inclou el programa dels actes a l'interior. | ||
| 600 | 1 | 0 | |a Anglada, Lola, |d 1892-1984 |x Aniversaris, etc. |9 56058 |
| 710 | 2 | |a Caixa de Pensions per a la Vellesa i d'Estalvis de Catalunya i Balears |9 54857 | |
| 901 | |a Arxiu | ||
| 942 | |n 1 | ||
| 952 | |0 0 |1 0 |4 0 |6 FU4010 |7 1 |9 51511 |a Arxiu |b Arxiu |d 2016-12-01 |l 0 |o FU-40-10 |p 21477 |r 2016-12-01 00:00:00 |w 2016-12-01 |y ARXIU | ||
| 999 | |c 55355 |d 55355 | ||